Bangladesh tea handbook / (Record no. 6559)

MARC details
000 -LEADER
fixed length control field 00538nam a22001937a 4500
001 - CONTROL NUMBER
control field BD-DhSAU 6559
003 - CONTROL NUMBER IDENTIFIER
control field BD-DhSAU
005 - DATE AND TIME OF LATEST TRANSACTION
control field 20150510104846.0
008 - FIXED-LENGTH DATA ELEMENTS--GENERAL INFORMATION
fixed length control field 150510b1992 bg a|||| |||| 000 0 eng d
040 ## - CATALOGING SOURCE
Original cataloging agency BD-DhSAU
082 ## - DEWEY DECIMAL CLASSIFICATION NUMBER
Edition number 22
Classification number 633.725492
Item number BAN
110 ## - MAIN ENTRY--CORPORATE NAME
Corporate name or jurisdiction name as entry element Bangladesh Tea Rehabilitation Project.
245 ## - TITLE STATEMENT
Title Bangladesh tea handbook /
260 ## - PUBLICATION, DISTRIBUTION, ETC. (IMPRINT)
Place of publication, distribution, etc. Chittagong :
Name of publisher, distributor, etc. Bangladesh Tea Rehabilitation Project,
Date of publication, distribution, etc. c1992.
300 ## - PHYSICAL DESCRIPTION
Extent 177 p. :
Other physical details ill. ;
Dimensions 22 cm.
590 ## - Name of Cataloguer
Name of Cataloger joy
650 ## - SUBJECT ADDED ENTRY--TOPICAL TERM
Topical term or geographic name as entry element Agronomy.
650 ## - SUBJECT ADDED ENTRY--TOPICAL TERM
Topical term or geographic name as entry element Tea.
Geographic subdivision Bangladesh.
942 ## - ADDED ENTRY ELEMENTS (KOHA)
Source of classification or shelving scheme Dewey Decimal Classification
Koha item type Book
Holdings
Withdrawn status Lost status Source of classification or shelving scheme Damaged status Not for loan Collection code Home library Branch Name Shelving location Date acquired Total Checkouts Full call number Barcode Date last seen Price effective from Koha item type
    Dewey Decimal Classification   Not For Loan Reference SAU Library SAU Library Reference 24/08/2003   633.725492 BAN 30903 10/05/2015 10/05/2015 Book